| 000 | 00578nam a2200205Ii 4500 | ||
|---|---|---|---|
| 001 | 973 | ||
| 003 | CO-ViMGA | ||
| 008 | 241108s9999||||xx |||||||||||||| ||und|| | ||
| 020 | _a8495114453 | ||
| 040 |
_aCO-ViMGA _bspa _erda _cCO-ViMGA |
||
| 041 | 0 | _aspa | |
| 082 | 0 | 4 | _a796.44 F31 |
| 245 | 1 | 0 | _aFichero de gimnasia natural |
| 264 | 1 | _a[Lugar de publicación no identificado] : INDE, 1999 | |
| 300 | _avolumen | ||
| 336 |
_atext _btxt _2rdacontent |
||
| 337 |
_aunmediated _bn _2rdamedia |
||
| 338 |
_avolume _bnc _2rdacarrier |
||
| 940 | _aidficha_siabuc: 955. -- ficha_no_siabuc:973 | ||
| 999 |
_c49467 _d49467 |
||